000 03182nam0a22004451 4500
001 RU\NLR\UK\1
005 20260407082112.0
035 _a(NLR Aleph) 009797806
090 _a10162979
_c10162979
100 _a20260120 rusy50
101 0 _arus
102 _aRU
135 _acrbn 001aaaba
200 1 _a[О позволении в Москве строить каменное и деревянное строение, не требуя от полиции разрешения; о возвращении владельцам взятых у них в казну дворовых мест за постройку каменных домов и об отводе для постоя квартир токмо унтер-офицерам и рядовым]
_f[Указ Петра II от 10 апр. 1728 г.]
210 _aПечатан в Москве
_cПри Сенате
_d26 апр. 1728
215 _a[1] л.
_d
304 _aТекст начинается словами: Божиею милостию мы Петр Вторыи император и самодержец всероссиискии, и протчая, и протчая, и протчая. Сего апреля 10 дня, указали мы, которые пункты в инструкции московскои полиции положены, а ныне явились к народной тягости, те отставить...
304 _aНазв. указа дано по ПСЗ
305 _aВ конце текста: Дан в нашем Верховном Таином Совете, апреля 14 дня, 1728 году
306 _aВых. дан. указаны слева от М.П.
321 _aПСЗ Т.8. 5262
325 _aКопия доступна в Электрон. б-ке РНБ http://vivaldi.nlr.ru/lk000001566/view
517 1 _aБожиею милостию мы Петр Вторыи император и самодержец всероссиискии, и протчая, и протчая, и протчая. Сего апреля 10 дня, указали мы, которые пункты в инструкции московскои полиции положены, а ныне явились к народной тягости, те отставить...
620 _dМосква
702 0 _4720
_8rus
_7ca
_aПетр
_cимператор российский
_dII
_f1715-1730
_3RU\NLR\AUTH\7713845
_9123527
710 0 1 _aРоссия
_bИмператор
_c1727-1730; Петр II
_3RU\NLR\AUTH\8810042739
_9584923
712 0 2 _aСенатская типография
_cМосква
_4610
801 0 _aRU
_bNLR
_c20030127
852 _aNLR
_j18.14.1.32-15
856 0 _uhttp://vivaldi.nlr.ru/lk000001566/view
856 1 _uhttp://vivaldi.nlr.ru/lk000001566/cover
856 2 _uhttp://vivaldi.nlr.ru/lk000001566/text
942 _cBOOK
980 _aNB
980 _aA1XVIIIv
980 _aA1UKAZ
981 3 6 _a(36) Цифровой репозиторий РНБ
981 1 6 _a(16) Законодательные акты Российской империи